000 01483nam a2200217Ia 4500
003 Ost
005 20260507074955.0
008 260507s9999||||xx |||||||||||||| ||und||
020 _a9957181297
040 _cfsecg
041 _aara
082 _a332.1
100 _aالهيتي، نوزاد عبد الرحمن
_eمؤلف
245 0 _aمقدمة في المالية الدولية /
_c نوزاد عبد الرحمن الهيتي
260 _aعمان:
_bدار المناهج للنشر والتوزيع,
_c2007
300 _a282 صفحة؛
_bإيضاحات ؛
_c25 سم
520 _aمفهوم المالية الدولية وتطورها التاريخي، ميزان المدفوعات المفهوم وآليات التوازن، المناهج النظرية لتصحيح العجز في ميزان المدفوعات، التغيرات في أسعار صرف العملة وأثارها الإقتصادية والإجتماعية، الرقابة على الصرف الأجنبي، حركة رؤوس الأموال الدولية، المنظمات المالية الدولية والعربية،الشركات متعددة الجنسية أداة محركة للعولمة، المساعداتالإنمائية الدولية وأثارها الإقتصادية والسياسية والإجتماعية
653 _aالنظام النقدي الدولي
700 _aالخشالي، منجد عبد اللطيف
_eمؤلف ثانوي
942 _cكتاب
999 _c42021
_d42021